Novela zákona o sociálnom poistení

Novela zákona o SP zo dňa 11.10.2016 (č. 285/2016 Z.z.), nadobudla účinnosť 1.1.2017. Pevná suma zvýšenia dôchodkovej dávky v roku 2017 je 8,20 eur, ak ide o starobný dôchodok.

Saved in:
Bibliographic Details
Main Author: Mrukviová Tomiová, Sandra
Format: Book Chapter
Language:Slovak
Subjects:
Tags: Add Tag
No Tags, Be the first to tag this record!

MARC

LEADER 00000naa a2200000 4500
001 0225741
005 20170104101903.3
041 0 |a slo 
044 |a SK 
245 1 0 |a Novela zákona o sociálnom poistení  |c Sandra Mrukviová Tomiová 
520 |a Novela zákona o SP zo dňa 11.10.2016 (č. 285/2016 Z.z.), nadobudla účinnosť 1.1.2017. Pevná suma zvýšenia dôchodkovej dávky v roku 2017 je 8,20 eur, ak ide o starobný dôchodok. 
610 2 0 |a poistenie sociálne 
610 2 0 |a úpravy právne 
610 2 0 |a dávky dôchodkové 
610 2 0 |a 2017 
100 1 |a Mrukviová Tomiová, Sandra